| 000 | 00556nam a2200181Ia 4500 | ||
|---|---|---|---|
| 008 | 151018s9999 xx 000 0 und d | ||
| 082 |
_bRBASDV10890 _a891.463 |
||
| 100 | _aदुर्गा - भागवत | ||
| 245 | _aभावमुद्रा | ||
| 250 | _b2 | ||
| 260 |
_bपुणे प्रकाशन _c1975 |
||
| 300 | _a164 | ||
| 600 | _aदुर्गा - भागवत | ||
| 630 | _aभावमुद्रा | ||
| 700 | _aदुर्गा - भागवत | ||
| 730 | _aभावमुद्रा | ||
| 942 | _cBOOK | ||
| 999 |
_c1013244 _d1013241 |
||